Saunders v Ralph: the interpretation of the case and its application for the surveying profession. (Record no. 87594)

MARC details
000 -LEADER
fixed length control field 00982cam a2200301 4500
008 - FIXED-LENGTH DATA ELEMENTS--GENERAL INFORMATION
fixed length control field 090401t1995 xxu||||| |||| 00| 0 eng d
020 ## - INTERNATIONAL STANDARD BOOK NUMBER
International Standard Book Number 0704904187
035 ## - SYSTEM CONTROL NUMBER
System control number (Sirsi) u18379
041 ## - LANGUAGE CODE
Language code of text/sound track or separate title eng
050 ## - LIBRARY OF CONGRESS CALL NUMBER
Classification number 630.026
-- 18
090 ## - LOCALLY ASSIGNED LC-TYPE CALL NUMBER (OCLC); LOCAL CALL NUMBER (RLIN)
Classification number (OCLC) (R) ; Classification number, CALL (RLIN) (NR) 630.026
100 ## - MAIN ENTRY--PERSONAL NAME
Personal name Gibbard, Roger
245 ## - TITLE STATEMENT
Title Saunders v Ralph: the interpretation of the case and its application for the surveying profession.
260 ## - PUBLICATION, DISTRIBUTION, ETC.
Place of publication, distribution, etc. Reading
Name of publisher, distributor, etc. CELTS
Date of publication, distribution, etc. 1995
300 ## - PHYSICAL DESCRIPTION
Extent 29p. ; 30cm.
350 ## - PRICE (NR) (BK AM CF MU VM SE) [OBSOLETE]
Price 15
490 ## - SERIES STATEMENT
Series statement Centre for Environment and Land Tenure Studies Research Series
Volume/sequential designation 95/2
650 ## - SUBJECT ADDED ENTRY--TOPICAL TERM
Topical term or geographic name entry element AGRICULTURAL HOLDINGS
650 ## - SUBJECT ADDED ENTRY--TOPICAL TERM
Topical term or geographic name entry element PROPERTY-LANDLORD AND TENANT-TENANCIES-AGRICULTURAL TENANCIES
650 ## - SUBJECT ADDED ENTRY--TOPICAL TERM
Topical term or geographic name entry element SAUNDERS V RALPH
650 ## - SUBJECT ADDED ENTRY--TOPICAL TERM
Topical term or geographic name entry element SECURITY OF TENURE
650 ## - SUBJECT ADDED ENTRY--TOPICAL TERM
Topical term or geographic name entry element SUCCESSION
690 ## - LOCAL SUBJECT ADDED ENTRY--TOPICAL TERM (OCLC, RLIN)
Topical term or geographic name as entry element LANDLORD AND TENANT-AGRICULTURAL TENANCIES
710 ## - ADDED ENTRY--CORPORATE NAME
Corporate name or jurisdiction name as entry element Centre for Environment and Land Tenure Studies
9 (RLIN) 2835
710 ## - ADDED ENTRY--CORPORATE NAME
Corporate name or jurisdiction name as entry element University of Reading
9 (RLIN) 3273
942 ## - ADDED ENTRY ELEMENTS (KOHA)
Suppress in OPAC 0
948 ## - LOCAL PROCESSING INFORMATION (OCLC); SERIES PART DESIGNATOR (RLIN)
c (OCLC) 04/03/1997
Holdings
Withdrawn status Lost status Source of classification or shelving scheme Damaged status Not for loan Home library Current library Shelving location Date acquired Total Checkouts Full call number Barcode Date last seen Copy number Price effective from Koha item type
    Dewey Decimal Classification     London London Folio 29/11/1995   F630.026 30046882 06/08/2019 1 06/08/2019 Book